Library Banner

The Ottoman endgame (Record no. 85407)

MARC details
000 -LEADER
fixed length control field 00515nam a2200181Ia 4500
001 - CONTROL NUMBER
control field 72427
008 - FIXED-LENGTH DATA ELEMENTS--GENERAL INFORMATION
fixed length control field 160401s9999 xx 000 0 und d
020 ## - INTERNATIONAL STANDARD BOOK NUMBER
International Standard Book Number 9781594205323
040 ## - CATALOGING SOURCE
Transcribing agency PK-LaUMT
082 ## - DEWEY DECIMAL CLASSIFICATION NUMBER
Classification number 956.015
Item number MCM-O
100 ## - MAIN ENTRY--PERSONAL NAME
Personal name McMeekin, Sean
245 #4 - TITLE STATEMENT
Title The Ottoman endgame
Remainder of title war, revolution, and the making of the modern Middle East, 1908-1923
Statement of responsibility, etc McMeekin, Sean
260 ## - PUBLICATION, DISTRIBUTION, ETC. (IMPRINT)
Place of publication, distribution, etc New York,USA:
Name of publisher, distributor, etc The Penguine Press,
Date of publication, distribution, etc 2015
300 ## - PHYSICAL DESCRIPTION
Extent 550 p.
546 ## - LANGUAGE NOTE
Language note EN
650 ## - SUBJECT ADDED ENTRY--TOPICAL TERM
Topical term or geographic name as entry element Ottoman empire
942 ## - ADDED ENTRY ELEMENTS (KOHA)
Koha item type Books
Holdings
Withdrawn status Lost status Damaged status Not for loan Home library Current library Date acquired Total Checkouts Full call number Barcode Date last seen Price effective from Koha item type
        UMT Main Campus UMT Main Campus 2016-04-01   956.015 MCM-O 98618 2018-04-03 2016-04-01 Books